The oil curse : (Record no. 25557)
[ view plain ]
| 000 -LEADER | |
|---|---|
| fixed length control field | 01657cam a22003135a 4500 |
| 001 - CONTROL NUMBER | |
| control field | 16808324 |
| 005 - DATE AND TIME OF LATEST TRANSACTION | |
| control field | 20171111110948.0 |
| 008 - FIXED-LENGTH DATA ELEMENTS--GENERAL INFORMATION | |
| fixed length control field | 110603t2012 njua frb 001 0 eng d |
| 010 ## - LIBRARY OF CONGRESS CONTROL NUMBER | |
| LC control number | 2011021743 |
| 020 ## - INTERNATIONAL STANDARD BOOK NUMBER | |
| International Standard Book Number | 9780691145457 (hardback) |
| 040 ## - CATALOGING SOURCE | |
| Original cataloging agency | DLC |
| Language of cataloging | eng |
| Transcribing agency | DLC |
| Modifying agency | DLC |
| -- | EG-ScBUE |
| 043 ## - GEOGRAPHIC AREA CODE | |
| Geographic area code | d------ |
| 082 04 - DEWEY DECIMAL CLASSIFICATION NUMBER | |
| Classification number | 338.90091724 |
| Item number | ROS |
| Edition number | 22 |
| 100 1# - MAIN ENTRY--PERSONAL NAME | |
| Personal name | Ross, Michael, |
| Dates associated with a name | 1961- |
| 245 14 - TITLE STATEMENT | |
| Title | The oil curse : |
| Remainder of title | how petroleum wealth shapes the development of nations / |
| Statement of responsibility, etc | Michael L. Ross. |
| 260 ## - PUBLICATION, DISTRIBUTION, ETC. (IMPRINT) | |
| Place of publication, distribution, etc | Princeton : |
| Name of publisher, distributor, etc | Princeton University Press, |
| Date of publication, distribution, etc | c.2012. |
| 300 ## - PHYSICAL DESCRIPTION | |
| Extent | xxi, 289 p. : |
| Other physical details | ill. ; |
| Dimensions | 24 cm. |
| 504 ## - BIBLIOGRAPHY, ETC. NOTE | |
| Bibliography, etc | Includes bibliographical references and index. |
| 505 0# - FORMATTED CONTENTS NOTE | |
| Formatted contents note | The paradoxical wealth of nations ; Apprendix: A note on methods and measurements -- The trouble with oil revenues -- More petroleum, less democracy ; Appendix: A statistical anaysis of oil and democracy -- Petroleum perpetuates patriarchy ; Appendix; a statistical analysis of oil and the status of women -- Oil-based violences ; Appendix: A statsitcal analysis of oil and civil conflcit -- Oil, economic growth, and political instituions --Good news and bad news about oil. |
| 650 #7 - SUBJECT ADDED ENTRY--TOPICAL TERM | |
| Topical term or geographic name as entry element | Petroleum industry and trade |
| General subdivision | Government policy |
| Geographic subdivision | Developing countries. |
| Source of heading or term | BUEsh |
| 650 #7 - SUBJECT ADDED ENTRY--TOPICAL TERM | |
| Topical term or geographic name as entry element | Revenue |
| Geographic subdivision | Developing countries. |
| Source of heading or term | BUEsh |
| 650 #7 - SUBJECT ADDED ENTRY--TOPICAL TERM | |
| Topical term or geographic name as entry element | Petroleum products |
| General subdivision | Prices. |
| Source of heading or term | BUEsh |
| 650 #7 - SUBJECT ADDED ENTRY--TOPICAL TERM | |
| Topical term or geographic name as entry element | Women |
| Geographic subdivision | Developing countries |
| General subdivision | Social conditions. |
| Source of heading or term | BUEsh |
| 650 #7 - SUBJECT ADDED ENTRY--TOPICAL TERM | |
| Topical term or geographic name as entry element | Natural resources |
| Geographic subdivision | Developing countries. |
| Source of heading or term | BUEsh |
| 650 #7 - SUBJECT ADDED ENTRY--TOPICAL TERM | |
| Topical term or geographic name as entry element | Civil war |
| Geographic subdivision | Developing countries. |
| Source of heading or term | BUEsh |
| 651 #7 - SUBJECT ADDED ENTRY--GEOGRAPHIC NAME | |
| Geographic name | Developing countries |
| General subdivision | Economic policy. |
| Source of heading or term | BUEsh |
| 653 ## - INDEX TERM--UNCONTROLLED | |
| Resource For college | BAEPS, Political Science |
| Arrived date list | November2017 |
| 942 ## - ADDED ENTRY ELEMENTS (KOHA) | |
| Source of classification or shelving scheme | Dewey Decimal Classification |
| Withdrawn status | Item status | Source of classification or shelving scheme | Damaged status | Not for loan | Vendor | Home library | Current library | Shelving location | Date acquired | Source of acquisition | Cost, normal purchase price | Serial Enumeration / chronology | Total Checkouts | Full call number | Barcode | Date last seen | Date last borrowed | Koha item type |
|---|---|---|---|---|---|---|---|---|---|---|---|---|---|---|---|---|---|---|
| Dewey Decimal Classification | MERIC | Central Library | Central Library | First floor | 11/11/2017 | Purchase | 202.15 | 000292 | 1 | 338.90091724 ROS | 000042441 | 15/07/2025 | 08/10/2019 | Book - Borrowing |